| 000 -LEADER |
| fixed length control field |
00385cam a22001097a 4500 |
| 008 - FIXED-LENGTH DATA ELEMENTS--GENERAL INFORMATION |
| fixed length control field |
180718b1973 xxu||||| |||| 00| 0 eng d |
| 082 ## - DEWEY DECIMAL CLASSIFICATION NUMBER |
| Classification number |
Q000x4 Un3ap |
| 245 ## - TITLE STATEMENT |
| Title |
Approaches and methods used in long-term soical planning and policy-making |
| Statement of responsibility, etc. |
by Economic Commission, Europe |
| 260 ## - PUBLICATION, DISTRIBUTION, ETC. |
| Place of publication, distribution, etc. |
Geneva |
| Name of publisher, distributor, etc. |
United Nations Publications |
| Date of publication, distribution, etc. |
1973 |
| 300 ## - PHYSICAL DESCRIPTION |
| Extent |
274p. |
| 700 ## - ADDED ENTRY--PERSONAL NAME |
| Personal name |
Europe, Economic Commission |